00724nam a2200193Ia 4500008004100000020002200041041000800063082001600071100002700087245005000114260003400164300001200198365001200210650002700222650002700249906005100276999001900327952018400346210719s2020 xx 000 0 und d a978-93-89136-54-8 aeng a820.33 RAMM aRAMACHANDRAN (Malathi) aMandu:the romance of Roopmati and Baz Bahadur aNew DelhibNiyogi Booksc2020 a257bPB b395cRs aIndian English Fiction aIndian English Fiction aBahadur ; Baz ; Mandu:the ; romance ; Roopmati c211751d211751 00102ddc40708COMaALbALd2021-02-09eGeneral Annual | Navakarnataka Publication Pvt Ltd Mangaloreg395.00l0o820.33 RAMMp074565r2021-07-19 00:00:00v316.00w2021-07-19yBK